000 01167nam a2200301 i 4500
003 EG-GICUC
005 20260504142538.0
008 251111s1969 ua ||||f |||| 00| 0 ara d
040 _a EG-GICUC
_bara
_c EG-GICUC
_d EG-GICUC
_erda
041 _aara
082 0 4 _221
_a345.0612
_bخ ا . ق
092 0 4 _221
099 _aLaw1 07 345.0612 خ ا . ق 1969
100 0 _aخالد عبد العزيز
_eمؤلف.
245 _aالقانون الإداري الليبي.
_nالجزء الأول /
_cدكتور خالد عبد العزيز .
264 _aبيروت :
_bدار صادر ,
_c1969.
300 _a682 صفحة
_c24 سم
_bإيضاحيات، صور، مثيليات ؛
336 _2rda content
_atext
337 _2rda media
_aComputer
338 _2rda carrier
_aOnline Resource
504 _a. 679-675 ببليوجرافيا: صفحات.
546 _aالنص أغلبه باللغة العربية بعض النصوص الإنجليزية والفرنسية
650 1 _aالقانون الإداري
_2qrmak
651 1 _2qrmak
856 4 0 _uhttps://fll.law.cu.edu.eg/fulltext/bks/B07-00719.pdf
905 _a74
942 _2ddc
_n0
_cBK
_e21
999 _c42481
_d42481